Sports Quiz

Random Sports Quiz

Назови лучших русских на ЧМ Quiz Stats

 Plays Quiz not verified by Sporcle

Score 0/40 Timer 05:00
0 Plays Today
Клуб Игрок % Correct
'Динамо'Александр Овечкин
97.3%
'Вашингтон'Александр Овечкин
97.3%
'Металлург' МгЕвгений Малкин
96.8%
'Питтсбург'Евгений Малкин
96.8%
'Атланта'Илья Ковальчук
96.6%
'Атланта'Илья Ковальчук
96.6%
'Атланта' / 'Нью-Джерси'Илья Ковальчук
96.6%
'Нью-Джерси'Илья Ковальчук
96.6%
'Нью-Джерси'Илья Ковальчук
96.6%
'Флорида'Павел Буре
85.7%
'Чикаго'Артемий Панарин
85.2%
'Детройт'Павел Дацюк
82.4%
СКАПавел Дацюк
82.4%
'Металлург' МгСергей Мозякин
77.5%
'Ак Барс'Алексей Морозов
72.3%
'Оттава'Алексей Яшин
61.8%
'Оттава'Алексей Яшин
61.8%
'Вашингтон'Александр Семин
59.7%
'Авангард'Максим Сушинский
50.6%
СКАВадим Шипачев
48%
Клуб Игрок % Correct
'Ак Барс'Сергей Зиновьев
47.7%
СКАВиктор Тихонов
40.7%
'Лос-Анджелес'Александр Фролов
28.3%
'Флорида' / 'Сан-Хосе'Виктор Козлов
26.9%
'Квебек'Валерий Каменский
25.7%
'Фрибург'Андрей Хомутов
24.3%
ЦСКААндрей Коваленко
19.6%
ЦСКАСергей Зубов
19.3%
'Кельн'Сергей Березин
13.1%
'Кельн'Сергей Березин
13.1%
'Спартак'Александр Барков
12.6%
'Таппара'Александр Барков
12.6%
'Витковице'Александр Прокопьев
12.6%
'Авангард'Александр Прокопьев
12.6%
'Динамо'Александр Харитонов
11.8%
'Спартак'Николай Борщевский
10.6%
'Металлург' МгРавиль Гусманов
10.4%
'Локомотив'Александр Гуськов
8.3%
'Рапперсвиль'Илья Бякин
7.1%
'Спартак'Игорь Болдин
7%

You're not logged in!

Compare scores with friends on all Sporcle quizzes.
OR
Log In

Show Comments

Extras

Created May 13, 2019ReportNominate

Top Quizzes Today


Score Distribution

Your Account Isn't Verified!

In order to create a playlist on Sporcle, you need to verify the email address you used during registration. Go to your Sporcle Settings to finish the process.

Report this User

Report this user for behavior that violates our Community Guidelines.

Details: